Main 2016 US Presidential Election Candidates - Statistics

General Stats
  • This quiz has been taken 760 times
  • The average score is 10 of 15
Answer Stats
Republican % Correct
Donald Trump
99%
Hillary Clinton
99%
Bernie Sanders
95%
Ted Cruz
92%
Marco Rubio
85%
Jeb Bush
78%
Ben Carson
68%
John Kasich
64%
Chris Christie
59%
Carly Fiorina
56%
Martin O'Malley
52%
Rand Paul
52%
Mike Huckabee
39%
Rick Santorum
32%
Jim Gilmore
19%
No matching quizzes found
Score Distribution
Percent of People with Each Score
Percentile by Number Answered
Your Score History
You have not taken this quiz